书目信息 |
| 题名: |
电子技术
|
|
| 作者: | 张庆双 编 ;黄海平 校 | |
| 分册: | ||
| 出版信息: | 北京 科学出版社 2006.08 |
|
| 页数: | 492页 | |
| 开本: | 21cm | |
| 丛书名: | ||
| 单 册: | ||
| 中图分类: | TN | |
| 科图分类: | ||
| 主题词: | 电子技术--dian zi ji shu | |
| 电子资源: | ||
| ISBN: | 978-7-03-017495-6 | |
| 000 | 00955nam0 2200253 450 | |
| 001 | 012008935250 | |
| 005 | 20080419142632.60 | |
| 010 | @a978-7-03-017495-6@dCNY29.50 | |
| 100 | @a20080419d2006 em y0chiy0120 ea | |
| 101 | 0 | @achi |
| 102 | @aCN@b110000 | |
| 105 | @aa z 000yy | |
| 106 | @ar | |
| 200 | 1 | @a电子技术@Adian zi ji shu@e基础·技能·线路实例@f张庆双编@Fzhang qing shuang bian@g黄海平校@Ghuang hai ping xiao |
| 210 | @a北京@c科学出版社@d2006.08 | |
| 215 | @a492页@c图@d21cm | |
| 330 | @a本书共分3篇:第1篇基本技能篇,介绍了常用电子元器件、识读电路图、常用电子仪器仪表的使用、常用工具的使用等;第2篇线路实例篇,给出了现代电子行业将面临的各方面的线路实例。 | |
| 517 | 1 | @a基础·技能·线路实例@Aji chu·ji neng·xian lu shi li |
| 606 | 0 | @a电子技术@Adian zi ji shu |
| 690 | @aTN@v4 | |
| 701 | 0 | @a张庆双@Azhang qing shuang@4编 |
| 702 | 0 | @a黄海平@Ahuang hai ping@4校 |
| 801 | 0 | @aCN@bQSSK@c20080419 |
| 905 | @b293108-10@dTN@eZ156@f3 | |
| 电子技术:基础·技能·线路实例/张庆双编/黄海平校.-北京:科学出版社,2006.08 |
| 492页:图;21cm |
| ISBN 978-7-03-017495-6:CNY29.50 |
| 本书共分3篇:第1篇基本技能篇,介绍了常用电子元器件、识读电路图、常用电子仪器仪表的使用、常用工具的使用等;第2篇线路实例篇,给出了现代电子行业将面临的各方面的线路实例。 |
| ● |
| 相关链接 |
|
|
|
正题名:电子技术
索取号:TN/Z156
 
预约/预借
| 序号 | 登录号 | 条形码 | 馆藏地/架位号 | 状态 | 备注 |
| 1 | 293108 | 202931088 | 自科库301/301自科库 23排1列4层/ [索取号:TN/Z156] | 在馆 | |
| 2 | 293109 | 202931097 | 自科库301/301自科库 23排1列4层/ [索取号:TN/Z156] | 在馆 | |
| 3 | 293110 | 202931104 | 自科库301/301自科库 16排2列3层/ [索取号:TN/Z156] | 在馆 |